000 00323nam a22001217a 4500
020 _a0074622994
082 _222
_a621.381044
100 _aNagrath, I. J. and Kothari, D. P.
245 _aPower system engineering /
260 _aNew Delhi,
_bTata mcGraw-Hill,
_cc2006.
300 _axv, 838 p. ;
_bill. ;
942 _2ddc
_cEE
_06
999 _c3806
_d3806